Tạo hình và phương pháp hướng dẫn hoạt động tạo hình Sách dùng cho các hệ sư phạm mầm non Tập 2
.
Đã lưu trong:
| Tác giả chính: | |
|---|---|
| Định dạng: | Sách |
| Năm xuất bản: |
H.
1995
|
| Chủ đề: | |
| Tags: |
Thêm thẻ
Không có thẻ, Hãy là người đầu tiên gắn thẻ bản ghi này!
|
| LEADER | 00730nam a2200181 4500 | ||
|---|---|---|---|
| 082 | |a 372.52 |b NG527L | ||
| 100 | |a Nguyễn Lăng Bình | ||
| 245 | |a Tạo hình và phương pháp hướng dẫn hoạt động tạo hình |b Sách dùng cho các hệ sư phạm mầm non |c Nguyễn Lăng Bình, Phan Việt Hoa |n Tập 2 | ||
| 260 | |a H. |c 1995 | ||
| 300 | |a 189tr. |c 19cm. | ||
| 520 | |a . | ||
| 653 | |a Giáo dục mẫu giáo | ||
| 653 | |a Tạo hình | ||
| 653 | |a Phương pháp | ||
| 653 | |a Hướng dẫn | ||
| 942 | |2 ddc |c SH | ||
| 999 | |c 10095 |d 10095 | ||
| 952 | |0 0 |1 0 |2 ddc |4 0 |6 372_520000000000000_NG_527_L |7 0 |8 300 |9 78862 |a qbu |b qbu |c D2 |d 2015-07-17 |g 10500 |o 372.52 NG 527 L |p 10029.c1 |r 0000-00-00 |w 2015-07-17 |y SH |0 0 |6 372_520000000000000_NG_527_L | ||